Missing Word: Basketball Hall of Fame (A-Z) Quiz Stats

 Plays Quiz Updated Jan 21, 2016

Challenge
Share
Tweet
Embed
Score 0/25 Timer 04:00
3 Plays Today
Hint Answer % Correct
_____ RodmanDennis
96.9%
_____ BarkleyCharles
96.7%
_____ BirdLarry
96.6%
Michael _____Jordan
95%
_____ ChamberlainWilt
94.8%
_____ EwingPatrick
91.3%
Julius _____Erving
91.2%
Kareem _____Abdul-Jabbar
90.7%
_____ MaloneKarl
88.5%
Alonzo _____Mourning
84.9%
_____ ThomasIsiah
76.9%
Hakeem _____Olajuwon
74.5%
_____ MillerReggie
72.2%
Hint Answer % Correct
_____ ThurmondNate
68.7%
_____ KingBernard
64%
Artis _____Gilmore
63.1%
Wes _____Unseld
60.9%
_____ HeinsohnTommy
53.5%
_____ RamseyFrank
51.8%
Arvydas _____Sabonis
46.1%
Dick _____Vitale
35.4%
_____ GallatinHarry
28.8%
George _____Yardley
10.8%
Ernest C. _____Quigley
4.7%
Fred _____Zollner
3%

Today's Daily Dose

You're not logged in!

Compare scores with friends on all Sporcle quizzes.
Join for Free
OR
Log In

You Might Also Like...

Show Comments

Extras

Top Quizzes Today


Score Distribution

Your Account Isn't Verified!

In order to create a playlist on Sporcle, you need to verify the email address you used during registration. Go to your Sporcle Settings to finish the process.

Report this User

Report this user for behavior that violates our Community Guidelines.

Details: